| 000 | 00532nam a2200181Ia 4500 | ||
|---|---|---|---|
| 008 | 220216s9999 xx 000 0 und d | ||
| 100 | _aMallikarjungouda Patil N | ||
| 245 | 0 | _aUsefulness of mobile messages for dissemination of agricultural and related information | |
| 260 |
_bMysore Journal of Agricultural Sciences _c2019 |
||
| 300 | _a83-87 | ||
| 500 | _aSource Year: 2019 | ||
| 650 | _aConstraints | ||
| 650 | _aDissemination | ||
| 650 | _aMobile SMS | ||
| 700 | _aPillegowda S.M | ||
| 700 | _aSuresha S | ||
| 942 | _cJS | ||
| 999 |
_c71984 _d71984 |
||